Текст томруулах:    
The limits of administration (Бичлэгийн дугаар. 145774)
000 -УДИРДЛАГА
Удирдлага 00744nam a22002777a 4500
003 - ХЯНАЛТЫН ТОО ТОДОРХОЙЛОГЧ
Код MN-UlNUM
005 - БИЧИЛТ ХИЙСЭН ОГНОО
Тухайн бичилтийг бичсэн засварласан сүүлийн огноо 20251202142221.0
008 - ЕРӨНХИЙ МЭДЭЭЛЭЛ
Ерөнхий мэдээлэл 251127s1976 enk|b||| |||| 001 0 eng |
020 ## - ISBN
ISBN 0471016527
040 ## - БИЧЛЭГ ҮҮСГЭГЧ БАЙГУУЛЛАГА
Бичлэг үүсгэгч номын сангийн код МУИС-ийн номын сан
084 ## - ББК АНГИЛАЛ
Нэмэлт тусгалт Бусад
ББК ангилал 67.401
Зохиогчийн гурван тэмдэгт H 78
Мэдлэгийн ялгаа 67 - Төр эрх, хууль
100 1# - ЗОХИОГЧ
Зохиогчийн нэр Hood, Christopher C
245 14 - ҮНДСЭН ГАРЧИГ
Номын нэр The limits of administration
260 ## - ГАРАЛТЫН МЭДЭЭ
Хэвлэгдсэн газар New York
Хэвлэлийн газар Wiley
Хэвлэгдсэн он 1976
300 ## - МАТЕРИАЛЫН ТОДОРХОЙЛОЛТ
хуудасны тоо xii, 213 p. ;
Хэмжээ 24 cm
500 ## - Тайлбар
Дансны дугаар БС 4214
546 ## - ХЭЛНИЙ ТУХАЙ МЭДЭЭ
Хэл Англи хэл дээр,
653 ## - Түлхүүр үг
Түлхүүр үг public administration
653 ## - Түлхүүр үг
Түлхүүр үг policy sciences
740 ## - НОМЫН ГАРЧИГ
Гарчиг Introduction
740 ## - НОМЫН ГАРЧИГ
Гарчиг Adaptation and gategorization
740 ## - НОМЫН ГАРЧИГ
Гарчиг Authority and control
942 ## - ЭЛЕМЕНТИЙН ТӨРӨЛ
Зүйлийн төрөл Ном